Quizzes
Events
Quiz Creation
Community
Videos
Private Events
Remove Ads
Sign In
Join for FREE
Feedback
Dark Mode
Quiz Categories
Sports
Geography
Music
Movies
Television
Just For Fun
Miscellaneous
History
Literature
Language
Science
Gaming
Entertainment
Religion
Holiday
For Kids
Quiz Lab
Recent
Popular Today
Quiz Kudos Today
Editor Picks
Curator Picks
Quizzes by...
Day
Popularity
Type
Ratings
Length
Year
Community
Subscriptions
Recent Discussions
Orange Saloon
Badges
Playlists
Quests
Create
Leaderboards
Showdown
Live 5
Trivia Bingo
Activity
Puzzle Library
Sporcle Events
Private Events
Virtual Trivia
Globe League
Become a Host
Pub Owners
SporcleCon
Opinionation
Our Games
Videos
Blog
Mobile Apps
Partnerships
Remove Ads and Go Orange
Feedback
Sports
Athletes
MLB
NBA
NHL
NFL
Soccer
Sports Teams
WWE
NCAA
Football
Premier League
Basketball
Baseball
Hockey
Golf
Tennis
Cricket
Rugby
Auto Racing
Olympics
World Cup
Sports
Athletes
MLB
NBA
NHL
NFL
Soccer
Sports Teams
WWE
NCAA
Football
Premier League
Basketball
Baseball
Hockey
Golf
Tennis
Cricket
Rugby
Auto Racing
Olympics
World Cup
Random Quiz
Search Sporcle
×
Quiz Lab
Quiz Lab
Sports
NFL
Type in answers that appear in a list
Type in answers that appear in a list
Classic
Best Score? Go Orange.
Last 5 NFL First Round Picks by Big 10 College Stats
Can you name the Last 5 NFL First Round Picks by Big 10 College?
By
yoez12
20m
65 Questions
127 Plays
127 Plays
127 Plays
Comments
Comments
Give Quiz Kudos
Give Quiz Kudos
-
- Ratings
hide this ad
More Info
Replay
Link that replays current quiz
Next Quiz
Link to next quiz in quiz playlist
You Got
0%
They Got
Avg Score
35%
Avg Friend Score
Upgrade to see
Score Distribution
Jump to the score distribution portion of the page
Score
0/65
Timer
20:00
0
Plays Today
College
Player
% Correct
Nebraska
Ndamukong Suh
78.7%
Michigan
Jake Long
71.7%
Penn State
Bryant Johnson
66.1%
Penn State
Larry Johnson
66.1%
Wisconsin
Joe Thomas
65.4%
Michigan State
Charles Rogers
64.6%
Illinois
Rashard Mendenhall
63%
Michigan
Braylon Edwards
63%
Minnesota
Laurence Maroney
63%
Ohio State
Chris Wells
59.1%
Wisconsin
J.J. Watt
55.9%
Iowa
Robert Gallery
53.5%
Illinois
Vontae Davis
51.2%
Penn State
Levi Brown
51.2%
Nebraska
Prince Amukamara
48%
Ohio State
Anthony Gonzalez
47.2%
Iowa
Dallas Clark
46.5%
Michigan
Brandon Graham
45.7%
Ohio State
Malcolm Jenkins
44.9%
Minnesota
Brian Williams
44.1%
Minnesota
John Williams
44.1%
Purdue
Ryan Kerrigan
44.1%
Iowa
Adrian Clayborn
43.3%
Michigan State
Plaxico Burress
43.3%
Michigan
Marlin Jackson
42.5%
Ohio State
Vernon Gholston
41.7%
Wisconsin
Lee Evans
41.7%
Purdue
Dustin Keller
40.9%
Iowa
Chad Greenway
40.2%
Iowa
Bryan Bulaga
38.6%
Michigan
Leon Hall
38.6%
Illinois
Simeon Rice
37.8%
Michigan State
T.J. Duckett
37.8%
College
Player
% Correct
Penn State
Aaron Maybin
33.9%
Illinois
Kevin Hardy
32.3%
Ohio State
Cameron Hayward
32.3%
Wisconsin
Gabe Carimi
32.3%
Northwestern
Luis Castillo
31.5%
Illinois
Corey Liuget
30.7%
Purdue
Rod Woodson
30.7%
Nebraska
Jason Peter
29.1%
Ohio State
Ted Ginn Jr.
29.1%
Wisconsin
Erasmus James
29.1%
Minnesota
Darrell Thompson
26.8%
Nebraska
Adam Carriker
26.8%
Michigan State
Julian Peterson
26%
Northwestern
Napoleon Harris
22.8%
Penn State
Tamba Hali
22.8%
Nebraska
Grant Wistrom
22%
Penn State
Jimmy Kennedy
20.5%
Purdue
Anthony Spencer
20.5%
Penn State
Jared Odrick
19.7%
Purdue
Jim Everett
19.7%
Nebraska
Fabian Washington
16.5%
Penn State
Michael Haynes
16.5%
Indiana
Kevin Allen
15.7%
Indiana
Thomas Lewis
11.8%
Minnesota
Willie Middlebrooks
11.8%
Northwestern
Chris Hinton
9.4%
Michigan State
Dimitrius Underwood
7.9%
Indiana
Vaughn Dunbar
7.1%
Indiana
Eric Moore
7.1%
Indiana
Duane Gunn
0.8%
Northwestern
Cas Banaszek
0.8%
Northwestern
Fate Echols
0.8%
Quiz Playlist
Details
Report
Send in Message
Add To Playlist
More Info:
Hint is Position-Year Drafted (Number Picked)
Classic:
Type in answers that appear in a list
Quiz Source
Last Updated: Feb 16, 2017
Quiz Scoreboard
CHALLENGE
Sign Up to Join the Scoreboard
Show All
Scores
Hide
Comments
May contain spoilers
Recently Published
Movies - When Are They Set?
by FPL_Elf
Movies
5m
Popular People in 1961
by mucciniale
History
6m
1-10 Letter E Words III
by El_Dandy
Language
2m
More to Explore
Quiz From the Vault
Featured Blog Post
Where Did the Easter Bunny Come From?
hide this ad
You Might Also Like...
Tags
College Quiz
NFL Quiz
Big 10
last
round
Round Picks
Today's Top Quizzes in Sports
Browse Sports
hide this ad
Today's Top Quizzes in NFL
Browse NFL
Top Contributed Quizzes in Sports
1
Les meilleurs buteurs des matchs entre le PSG et l’OM
2
2022 World Cup Stars
3
FIFA Club World Cup Champions
4
Les entraîneurs de l'OM et du PSG au 21e siècle
5
Name the Premier League winners with different clubs
6
La finale Lions - Afrique du Sud 2021
7
Criteria MLB: Left Handed Sluggers
8
Les joueurs passés par le LOSC et le RC Lens
9
Players with Multiple 50 Home Run Seasons
10
MLB Players with Two .350 Batting Average Seasons
Explore More
Trending Topics
Marvel
Anime
Kpop
Disney
Crossword
NBA
Harry Potter
NFL
WWE
Pokémon
Puzzle
Soccer
Country
Song
The Office
hide this ad
More By:
yoez12
Quiz
Plays
Rating
Category
Featured
Created
2005 NBA Draft 1st round
4,118
3.88
Sports
Nov 3, 2009
TOP 20 SPORTS MOVIES
1,623
3.14
Movies
Oct 19, 2009
Top 100 TV Shows of the 2000s
718
1.92
Television
Sep 5, 2012
Top 100 Red Sox Players
480
4.43
Sports
Apr 13, 2012
Top 4 NBA/ABA Scorers from Each State
444
4.14
Sports
May 17, 2010
Go to Creator's Profile
Score Distribution
Quiz Creator Spotlight
yoez12
Follow
Send a Message
Quizzes Created
-
Created Quiz Play Count
-
More By This Creator
Popular Quizzes Today
1
Find the Countries of Europe - No Outlines Minefield
2
Find the US States - No Outlines Minefield
3
The Countries of the World
4
Popular People in 1961
5
US States
6
1-10 Letter E Words III
7
Find the US States
8
One Thing in Common: World Cities II
More Sports Quizzes
Red Bull F1 winners (in order)
Curator's Pick
Trending Quizzes
Risky Map Clicking: Least Populous States A-Z
1-10 Letter F Words
1-10 Letter G Words
One Thing in Common: United Kingdom
Risky Map Clicking: Next State Alphabetically
Recently Updated
Leaping Animals
pecheneg
Reality TV Shows (A-Z)
bhenderson79
Rickey Henderson's Hall of Fame Teammates
pecheneg
Champions League XIs: Arsenal
pecheneg
Quick Pick: Celebrities in WWE's Hall of Fame
aduchscher
A-Z Keypad Blitz II
pecheneg
Multiple Oscar Actors
pecheneg
Mystery Phrase Blitz: Oscar 'Best Actors'
pecheneg
F. Scott Fitzgerald Novels
LTH
Pick 3 Villains
ddd62291
Trending Topics
NBA
Kpop
Crossword
Anime
Marvel
Disney
Harry Potter
Pokémon
Song
Puzzle
The Office
Country
WWE
Soccer
NFL
Your Account Isn't Verified!
In order to create a playlist on Sporcle, you need to verify the email address you used during registration. Go to your
Sporcle Settings
to finish the process.
Report this User
Report this user for behavior that violates our
Community Guidelines
.
Details:
Send Report
Go to the Sporcle.com Mobile Site →
Comments